| 000 | 01226nam a22004217a 4500 | ||
|---|---|---|---|
| 005 | 20231002092330.0 | ||
| 008 | 210819b2016 xxu||||| |||| 00| 0 spa d | ||
| 020 | _a9788431331238 | ||
| 041 | _aESP | ||
| 082 | _a342.085.3 Az997d | ||
| 100 |
_aAzurmendi, Ana _983025 |
||
| 245 | _aDerecho de la comunicación: guía jurídica para profesionales de los medios | ||
| 260 | _aEspaña | ||
| 260 | _bEUNSA | ||
| 260 | _c2016 | ||
| 300 | _a365 páginas | ||
| 650 | _aDERECHO A LA INFORMACIÓN | ||
| 650 | _aLIBERTAD DE INFORMACIÓN | ||
| 650 | _aPERIODISMO | ||
| 650 | _aLIBERTAD DE EXPRESIÓN | ||
| 650 | _aDERECHOS HUMANOS | ||
| 650 | _aDRECHO DE RÉPLICA | ||
| 650 | _aLIMITES DE LA INFORMACIÓN | ||
| 650 | _aDERECHO A LA INFORMACIÓN | ||
| 650 | _aPROTECCIÓN DE LA PRIVACIDAD | ||
| 650 | _aDERECHO AL HONOR | ||
| 650 | _aPROPIA IMÁGEN | ||
| 650 | _aDERECHO DEL MENOR | ||
| 650 | _aSECRETO PROFESIONAL | ||
| 650 | _aDERECHOS DE AUTOR | ||
| 650 | _aREGIMÉN JURÍDICO | ||
| 650 | _aMEDIOS DE COMUNICACIÓN | ||
| 650 | _aINTERNET | ||
| 650 | _aTELEVISIÓN | ||
| 650 | _aRADIO | ||
| 650 | _aREGULACIÓN DE LA PUBLICIDAD | ||
| 942 |
_cBK _2ddc |
||
| 999 |
_c13151 _d13151 |
||